[Event "SR 3. liga A2 2014/2015"]
[Site "?"]
[Date "2015.03.08"]
[Round "10.1"]
[White "Merva, Frantisek"]
[Black "Chabada, Tomas"]
[Result "1/2-1/2"]
[WhiteElo "2045"]
[BlackElo "1987"]
[PlyCount "60"]
[EventDate "2015.??.??"]

1. d4 Nf6 2. Bg5 Ne4 3. Bf4 d5 4. Nd2 Bf5 5. f3 Nxd2 6. Qxd2 e6 7. e3 Bd6 8.
Bg3 O-O 9. Bd3 Bxd3 10. Qxd3 c5 11. Ne2 Nc6 12. c3 Rc8 13. O-O a6 14. Rae1 c4
15. Qb1 Bxg3 16. Nxg3 f5 17. Ne2 Qh4 18. Nf4 Rf6 19. g3 Qh6 20. e4 g5 21. Nxe6
fxe4 22. Nc5 exf3 23. Rf2 g4 24. Nxb7 Re6 25. Nc5 Re3 26. Ref1 Qf6 27. Nd7 Qe6
28. Nc5 Qf6 29. Nd7 Qe6 30. Nc5 Qf6 1/2-1/2

[Event "SR 3. liga A2 2014/2015"]
[Site "?"]
[Date "2015.03.08"]
[Round "10.1"]
[White "Kovarik, Oto"]
[Black "Kahancova, Jana"]
[Result "1-0"]
[WhiteElo "1926"]
[BlackElo "1717"]
[PlyCount "71"]
[EventDate "2015.??.??"]

1. e4 e5 2. Nf3 Nc6 3. Bb5 a6 4. Bxc6 bxc6 5. O-O d6 6. d4 exd4 7. Nxd4 Bd7 8.
c4 Ne7 9. Nc3 g6 10. Bg5 Bg7 11. Qd2 O-O 12. Rac1 Qe8 13. Bh6 f6 14. Bxg7 Kxg7
15. f4 c5 16. Nf3 Qf7 17. b3 Rad8 18. Nd5 c6 19. Nb6 Bc8 20. Qa5 Bb7 21. Na4
Nc8 22. Qc3 Kg8 23. e5 Qe6 24. exd6 Qxd6 25. g3 g5 26. f5 g4 27. Nh4 Qd4+ 28.
Qxd4 cxd4 29. Nc5 Rf7 30. Rcd1 Nb6 31. Rf4 h5 32. Rfxd4 Re8 33. Rd8 Rxd8 34.
Rxd8+ Kg7 35. Ng6 Bc8 36. Ne6+ 1-0

[Event "SR 3. liga A2 2014/2015"]
[Site "?"]
[Date "2015.03.08"]
[Round "10.1"]
[White "Matis, Tibor"]
[Black "Husek, Lubomir"]
[Result "0-1"]
[WhiteElo "1664"]
[BlackElo "1854"]
[PlyCount "94"]
[EventDate "2015.??.??"]

1. e4 c5 2. Nf3 Nc6 3. d4 cxd4 4. Nxd4 e5 5. Nf3 Nf6 6. Nc3 d6 7. Bb5 a6 8. Bc4
Be7 9. O-O O-O 10. a4 Bg4 11. Re1 Nd4 12. Kh1 Rc8 13. Bf1 Rc6 14. Qd3 Nxf3 15.
gxf3 Bh5 16. Bh3 Qc7 17. Rg1 Kh8 18. f4 Rc4 19. Qg3 Rg8 20. f3 Qc5 21. f5 d5
22. exd5 Nxd5 23. Bh6 Bf6 24. Ne4 Qc6 25. Nxf6 Qxf6 26. Bg5 Qc6 27. c3 Nf4 28.
Bxf4 Rxf4 29. Rad1 Bxf3+ 30. Bg2 Bxg2+ 31. Rxg2 Qf6 32. h3 Rxf5 33. Rd7 b5 34.
axb5 axb5 35. Rd3 e4 36. Re3 Rf3 37. Rxf3 exf3 38. Rf2 Rd8 39. Rxf3 Qc6 40. Kh2
f6 41. Rf2 h6 42. h4 Rd1 43. Rg2 Qd7 44. Qb8+ Kh7 45. Qa8 Qd6+ 46. Rg3 Rd2+ 47.
Kh3 Qe6+ 0-1

[Event "SR 3. liga A2 2014/2015"]
[Site "?"]
[Date "2015.03.08"]
[Round "10.1"]
[White "Vach, Jozef"]
[Black "Kahanec, Jan"]
[Result "1-0"]
[WhiteElo "1778"]
[BlackElo "1691"]
[PlyCount "124"]
[EventDate "2015.??.??"]

1. d4 d5 2. Nf3 Nf6 3. g3 h6 4. Bg2 e6 5. O-O Bd6 6. b3 O-O 7. Bb2 c6 8. Nbd2
Nbd7 9. Ne5 c5 10. e3 Qc7 11. f4 b6 12. Rc1 Bb7 13. c3 Rac8 14. Qe2 a6 15. a3
b5 16. b4 c4 17. g4 Ne4 18. Nxd7 Qxd7 19. Nxe4 dxe4 20. g5 hxg5 21. fxg5 g6 22.
Qg4 Kg7 23. Bxe4 Bxe4 24. Qxe4 Qc7 25. Rc2 Rh8 26. Rff2 Rcf8 27. Qf3 Be7 28.
Qf4 Qxf4 29. exf4 Rh3 30. Rg2 Bd6 31. Bc1 Rd3 32. Rg3 Rd1+ 33. Kg2 Rxc1 34.
Rxc1 Bxf4 35. Rf1 Bxg3 36. Kxg3 Rd8 37. Re1 Kf8 38. Re5 Ke7 39. h4 Rd7 40. Kf4
Rd8 41. Re4 Rd5 42. Re5 Rd7 43. Ke4 Kd6 44. Rc5 Rb7 45. Rc8 Ra7 46. Rd8+ Ke7
47. Rb8 Kd6 48. Rc8 Kd7 49. Rc5 Kd6 50. d5 exd5+ 51. Rxd5+ Ke6 52. Rc5 Kd6 53.
Rd5+ Ke6 54. Rd1 Rc7 55. Rf1 Ra7 56. Rf6+ Ke7 57. Kd5 Rd7+ 58. Kc5 Rd3 59. Rxa6
Rxc3 60. Kxb5 Rc1 61. Rc6 c3 62. a4 c2 1-0

[Event "SR 3. liga A2 2014/2015"]
[Site "?"]
[Date "2015.03.08"]
[Round "10.1"]
[White "Gogora, Kristian"]
[Black "Pivacek, Jozef"]
[Result "0-1"]
[WhiteElo "1528"]
[BlackElo "1000"]
[PlyCount "58"]
[EventDate "2015.??.??"]

1. d4 f5 2. c4 Nf6 3. Nc3 e6 4. Nf3 Be7 5. Bf4 c6 6. e3 d5 7. c5 O-O 8. Be2 Ne4
9. Nxe4 fxe4 10. Ne5 Nd7 11. O-O Bf6 12. Nxd7 Bxd7 13. b4 Qe8 14. a4 a6 15. Rb1
e5 16. dxe5 Bxe5 17. Bxe5 Qxe5 18. Qd4 Qg5 19. f4 exf3 20. Rxf3 Rxf3 21. Bxf3
Bf5 22. Rf1 Qg6 23. Re1 Re8 24. a5 Be4 25. Bxe4 Qxe4 26. Kf2 Rf8+ 27. Kg1 Qf5
28. e4 dxe4 29. Qxe4 Qf2+ 0-1

[Event "SR 3. liga A2 2014/2015"]
[Site "?"]
[Date "2015.03.08"]
[Round "10.2"]
[White "Kucharek, Jaroslav"]
[Black "Gasa, Andrej"]
[Result "0-1"]
[WhiteElo "2067"]
[BlackElo "2317"]
[PlyCount "154"]
[EventDate "2015.??.??"]

1. d4 Nf6 2. c4 c6 3. Nc3 d5 4. Nf3 a6 5. cxd5 cxd5 6. Bg5 Nc6 7. e3 Ne4 8. Bh4
Qa5 9. Qb3 e6 10. Be2 Bb4 11. Rc1 h6 12. Bg3 O-O 13. O-O Nxg3 14. hxg3 Bd6 15.
Na4 Qd8 16. a3 Rb8 17. Nc5 Na5 18. Qa2 Ra8 19. b4 Nc6 20. Qb2 Ne7 21. Rc3 b6
22. Nd3 Bb7 23. Rfc1 Rc8 24. a4 Rxc3 25. Rxc3 Qd7 26. b5 axb5 27. axb5 Rc8 28.
Nde5 $11 Qe8 29. Qc2 Rxc3 30. Qxc3 f6 31. Ng4 Bc8 32. Nd2 Bd7 33. Qb2 Qa8 34.
Nh2 Qa5 35. Nhf1 Bb4 36. Nb3 Qa4 37. Nfd2 Bxb5 38. Bd1 Qa3 39. Qc2 Ba4 40. Nb1
Qxb3 41. Qxb3 Bxb3 42. Bxb3 Kf7 43. Kf1 Nc6 44. Ke2 Ke7 45. g4 Kd6 46. Ba4 Na7
47. Be8 Nc8 48. Kd3 e5 49. f3 Ne7 50. Bb5 exd4 51. exd4 f5 52. gxf5 Nxf5 53. g4
Nh4 54. Ke2 Ng2 55. Kf2 Nf4 56. Ke3 Ne6 57. Be8 Nf8 58. Bb5 Nh7 59. Nd2 Bxd2+
60. Kxd2 Ng5 61. Ke3 Ne6 62. f4 Nc7 63. Bd3 b5 64. f5 Ke7 65. Kd2 Kf6 66. Kc3
Kg5 67. Be2 Kf4 68. Bd1 Ke3 69. Bb3 b4+ 70. Kxb4 Kxd4 71. Bc2 Ne8 72. Kb5 Nf6
73. Bd1 Ke5 74. Kc5 Ne4+ 75. Kc6 Nf2 76. Bf3 d4 77. Kd7 Kf6 0-1

[Event "SR 3. liga A2 2014/2015"]
[Site "?"]
[Date "2015.03.08"]
[Round "10.2"]
[White "Sebesta, Radovan"]
[Black "Blatnicky, Miroslav"]
[Result "0-1"]
[WhiteElo "2048"]
[BlackElo "2056"]
[PlyCount "78"]
[EventDate "2015.??.??"]

1. d4 d5 2. c4 c6 3. Nf3 Nf6 4. e3 Bf5 5. Nc3 e6 6. Be2 Nbd7 7. O-O Bd6 8. b3
Ne4 9. Bb2 Ndf6 10. h3 Rc8 11. Nxe4 Nxe4 12. Ne5 f6 13. Nf3 Bg6 14. Bd3 Bb8 15.
Bxe4 Bxe4 16. Nd2 Qc7 17. g3 Bf5 18. Qh5+ Bg6 19. Qg4 Qf7 20. cxd5 cxd5 21.
Rac1 O-O 22. Qe2 Bf5 23. Kg2 a6 24. Ba3 Rfd8 25. Rc5 Rxc5 26. dxc5 Rc8 27. Rc1
Qd7 28. Qh5 $11 Qb5 29. c6 Bg6 30. Qg4 Rxc6 31. h4 Kf7 32. Rxc6 Qxc6 33. Qb4
Qc8 34. Qe7+ Kg8 35. Nf3 Be4 36. h5 h6 37. Bb4 e5 38. Ba3 Ba7 39. Bd6 Qg4 0-1

[Event "SR 3. liga A2 2014/2015"]
[Site "?"]
[Date "2015.03.08"]
[Round "10.2"]
[White "Hirmajer, Jan"]
[Black "Lanik, Miroslav"]
[Result "1/2-1/2"]
[WhiteElo "1966"]
[BlackElo "1895"]
[PlyCount "60"]
[EventDate "2015.??.??"]

1. c4 e5 2. Nc3 Nf6 3. d3 Nc6 4. g3 d5 5. cxd5 Nxd5 6. Bg2 Be6 7. Nf3 Be7 8.
O-O O-O 9. Bd2 Nb6 10. a3 f5 11. a4 a5 12. Qc1 h6 13. Be3 Bf6 14. Bc5 Rf7 15.
Nd2 Nd5 16. Nb5 Nd4 17. Bxd4 exd4 18. Nb3 Nb4 19. Nc5 Bd5 20. Nxb7 Qe7 21. Bxd5
Nxd5 22. Qc6 Nb4 23. Qf3 Re8 24. Nxa5 Qxe2 25. Qxe2 Rxe2 26. Nc4 Nxd3 27. Rad1
Nxb2 28. Nxb2 Rxb2 29. Nxd4 Ra2 30. Nxf5 Rxa4 1/2-1/2

[Event "SR 3. liga A2 2014/2015"]
[Site "?"]
[Date "2015.03.08"]
[Round "10.2"]
[White "Palka, Martin"]
[Black "Miciak, Emanuel"]
[Result "1/2-1/2"]
[WhiteElo "1890"]
[BlackElo "1882"]
[PlyCount "63"]
[EventDate "2015.??.??"]

1. Nf3 Nf6 2. c4 g6 3. g3 Bg7 4. Bg2 c5 5. O-O O-O 6. b3 Nc6 7. Bb2 d6 8. d4
Bg4 9. d5 Nb8 10. Nbd2 a6 11. Qc2 b5 12. e4 b4 13. h3 Bc8 14. g4 Bb7 15. e5 Ne8
16. Ne4 Bc8 17. Rae1 Ra7 18. Re2 Nd7 19. e6 fxe6 20. dxe6 Ndf6 21. Rd1 Nxe4 22.
Qxe4 Bb7 23. Qe3 Bxb2 24. Rxb2 Qa8 25. Rd3 Ng7 26. Ne1 Bxg2 27. Nxg2 Rf6 28.
Nf4 Qf8 29. Nd5 Rxe6 30. Qg3 Re1+ 31. Kh2 Ne6 32. f4 1/2-1/2

[Event "SR 3. liga A2 2014/2015"]
[Site "?"]
[Date "2015.03.08"]
[Round "10.2"]
[White "Smrek, Peter"]
[Black "Skapikova, Lubica"]
[Result "0-1"]
[WhiteElo "1831"]
[BlackElo "1862"]
[PlyCount "48"]
[EventDate "2015.??.??"]

1. c4 e5 2. Nc3 Nc6 3. g3 g6 4. Bg2 Bg7 5. d3 d6 6. Rb1 a5 7. a3 Nge7 8. e3 O-O
9. Nge2 f5 10. f4 Be6 11. Nd5 Rb8 12. Nec3 Na7 13. Nxe7+ Qxe7 14. Qa4 exf4 15.
Qxa5 Bxc3+ 16. bxc3 Nc6 17. Bxc6 bxc6 18. Rxb8 Rxb8 19. Qa7 Rb6 20. O-O fxg3
21. hxg3 d5 22. e4 dxe4 23. dxe4 Qc5+ 24. Kg2 Rb2+ 0-1

[Event "SR 3. liga A2 2014/2015"]
[Site "?"]
[Date "2015.03.08"]
[Round "10.2"]
[White "Palka, Miroslav"]
[Black "Lajda, Dusan"]
[Result "1-0"]
[WhiteElo "1912"]
[BlackElo "1853"]
[PlyCount "85"]
[EventDate "2015.??.??"]

1. c4 Nf6 2. Nc3 g6 3. e4 d6 4. d4 Bg7 5. f3 O-O 6. Be3 Nbd7 7. Qd2 e5 8. d5
Ne8 9. O-O-O f5 10. Bg5 Ndf6 11. h4 f4 12. h5 h6 13. Bxf6 Qxf6 14. hxg6 Qxg6
15. Bd3 Bd7 16. Nge2 Bf6 17. g4 Bg5 18. Rdg1 Nf6 19. Kb1 Nxg4 20. Qe1 Ne3 21.
Nd1 Nxd1 22. Qxd1 Kf7 23. Qb3 b6 24. Nc3 Qf6 25. Bf1 a6 26. Qc2 Bh4 27. Qh2 Bg5
28. Bh3 Bxh3 29. Qxh3 Rae8 30. a3 Re7 31. Na2 a5 32. Nc3 Rb8 33. Nb5 Ra8 34.
Rh2 Kf8 35. Rhg2 Rg7 36. Nc3 Rd8 37. Nd1 Qf7 38. Nf2 Qd7 39. Ng4 b5 40. cxb5
Qxb5 41. Qh2 c5 42. Nxh6 Bxh6 43. Qxh6 1-0

[Event "SR 3. liga A2 2014/2015"]
[Site "?"]
[Date "2015.03.08"]
[Round "10.2"]
[White "Bjel, Jan"]
[Black "Kubik, Peter"]
[Result "1-0"]
[WhiteElo "1823"]
[BlackElo "1854"]
[PlyCount "149"]
[EventDate "2015.??.??"]

1. e4 d5 2. exd5 Qxd5 3. Nc3 Qa5 4. d4 Nf6 5. Bc4 Bg4 6. f3 Bf5 7. Nge2 e6 8.
g4 Bg6 9. h4 h6 10. Bd3 Bxd3 11. Qxd3 Nbd7 12. Qb5 Qxb5 13. Nxb5 Bd6 14. Bd2 a6
15. Nxd6+ cxd6 16. Bb4 d5 17. O-O-O b5 18. g5 Ng8 19. Rdg1 Ne7 20. gxh6 gxh6
21. Rg2 Nf5 22. Rhg1 Nf6 23. Be1 Rc8 24. Bf2 Kd7 25. Kd2 Ne8 26. b3 Ned6 27.
Nf4 b4 28. Nd3 a5 29. Nc5+ Ke7 30. Kd3 Rc7 31. Rg8 Rc8 32. R8g2 Ne8 33. Bg3
Nxg3 34. Rxg3 Nd6 35. h5 Nf5 36. Rg4 Rc7 37. Rg8 Rc8 38. Rxh8 Rxh8 39. Nb7 Rc8
40. Nc5 Kd6 41. Nb7+ Kc6 42. Nc5 Kb5 43. Na4 Kc6 44. Rg4 Kd6 45. c4 bxc3 46.
Nxc3 Ke7 47. Ne2 Rb8 48. Ng3 Nd6 49. Ne2 Nf5 50. Nc3 Rb4 51. Ne2 Rb8 52. Ng3
Nd6 53. Ne2 Nf5 54. Nc3 Rb4 55. Rf4 Ng7 56. Rh4 Nf5 57. Rg4 Kf6 58. Ne2 Rb7 59.
Rg8 Ra7 60. Ng3 Nxg3 61. Rxg3 e5 62. Rg8 Re7 63. Ra8 Kg5 64. Rxa5 Kxh5 65. Rxd5
f6 66. dxe5 fxe5 67. Ke4 Kg5 68. Rxe5+ Rxe5+ 69. Kxe5 h5 70. f4+ Kg4 71. f5 h4
72. f6 h3 73. f7 h2 74. f8=Q h1=Q 75. Qg8+ 1-0

[Event "SR 3. liga A2 2014/2015"]
[Site "?"]
[Date "2015.03.08"]
[Round "10.2"]
[White "Fidericky, Milan"]
[Black "Bjel, Lubos"]
[Result "0-1"]
[WhiteElo "1772"]
[BlackElo "1760"]
[PlyCount "96"]
[EventDate "2015.??.??"]

1. e4 e6 2. d4 d5 3. Nc3 Bb4 4. Bd3 c5 5. a3 Bxc3+ 6. bxc3 c4 7. Be2 dxe4 8.
Bxc4 f5 9. Ne2 Nf6 10. O-O Nc6 11. f3 exf3 12. Rxf3 e5 13. Bg5 e4 14. Rf1 Na5
15. Ba2 h6 16. Bxf6 Qxf6 17. Nf4 g5 18. Qh5+ Kd8 19. Nd5 Qd6 20. Ne3 f4 21. Ng4
Bxg4 22. Qxg4 Rc8 23. Qf5 Nc4 24. Bxc4 Rxc4 25. Qxe4 Qc6 26. Qe5 Re8 27. Qa5+
Kc8 28. Qxa7 Ra4 29. Qc5 Qxc5 30. dxc5 Rc4 31. Rf3 Re2 32. Rc1 Rxc5 33. Kf1
Rce5 34. Rd3 g4 35. Rd4 f3 36. gxf3 gxf3 37. Rd3 f2 38. Rdd1 Kc7 39. Kg2 f1=Q+
40. Kxf1 Rxh2 41. Re1 Rxe1+ 42. Rxe1 Rh1+ 43. Kf2 Rxe1 44. Kxe1 b5 45. Ke2 Kc6
46. c4 bxc4 47. Kf3 Kb5 48. Ke4 h5 0-1

[Event "SR 3. liga A2 2014/2015"]
[Site "?"]
[Date "2015.03.08"]
[Round "10.3"]
[White "Pericka, Tomas"]
[Black "Manak, Jozef"]
[Result "1-0"]
[WhiteElo "2010"]
[BlackElo "1984"]
[PlyCount "41"]
[EventDate "2015.??.??"]

1. e4 c5 2. Nf3 d6 3. Bb5+ Bd7 4. Qe2 Nc6 5. c3 g6 6. O-O Bg7 7. Rd1 e6 8. d4
Qc7 9. d5 Nd8 10. Bxd7+ Qxd7 11. dxe6 Nxe6 12. Na3 Ne7 13. Nc4 Nc8 14. Nce5 Qa4
15. Ng4 h5 16. Ne3 Qxe4 17. Qf1 O-O 18. Nd5 Qa4 19. Ng5 Qd7 20. Qd3 f5 21. Nxe6
1-0

[Event "SR 3. liga A2 2014/2015"]
[Site "?"]
[Date "2015.03.08"]
[Round "10.3"]
[White "Mihalik, Anton"]
[Black "Hanzluvka, Peter"]
[Result "0-1"]
[WhiteElo "1958"]
[BlackElo "1922"]
[PlyCount "122"]
[EventDate "2015.??.??"]

1. c4 c5 2. Nc3 Nc6 3. g3 Nf6 4. Bg2 g6 5. e3 Bg7 6. Nge2 O-O 7. O-O d6 8. d4
cxd4 9. exd4 Bg4 10. Be3 Qc8 11. Re1 h5 12. Qd2 Bh3 13. Ne4 Bxg2 14. Nxf6+ Bxf6
15. Kxg2 Qf5 16. Nc3 h4 17. h3 hxg3 18. fxg3 Kh7 19. Rf1 Qa5 20. Qf2 Kg7 21.
Ne4 Qf5 22. Qxf5 gxf5 23. Nxf6 exf6 24. Rxf5 Rfe8 25. Rf3 Re4 26. Rd1 Rae8 27.
Bg1 Nb4 28. a3 Nc2 29. Rd2 Ne1+ 30. Kf2 Nxf3 31. Kxf3 Re1 32. Bf2 Rc1 33. c5
dxc5 34. dxc5 Re6 35. g4 Kg6 36. h4 Rc6 37. h5+ Kg7 38. Bd4 Rf1+ 39. Kg3 Kh7
40. b4 a6 41. Bb2 Rb1 42. Kf4 Re6 43. Kf3 Kh6 44. Rc2 Rf1+ 45. Kg3 Ree1 46. Bd4
Re4 47. Rd2 Kg5 48. Kh3 Rf3+ 49. Kh2 Rxg4 50. a4 Kxh5 51. b5 axb5 52. axb5 Rff4
53. Bf2 Rc4 54. b6 f5 55. Rd5 Kg6 56. Rd6+ f6 57. Rd2 f4 58. Kh3 Rg5 59. Kh2 f3
60. Kh3 Rc1 61. Kh2 Rg2+ 0-1

[Event "SR 3. liga A2 2014/2015"]
[Site "?"]
[Date "2015.03.08"]
[Round "10.3"]
[White "Pipiska, Adam"]
[Black "Nemsak, Denis"]
[Result "0-1"]
[WhiteElo "1772"]
[BlackElo "1957"]
[PlyCount "56"]
[EventDate "2015.??.??"]

1. e4 d5 2. exd5 Nf6 3. Nc3 Nxd5 4. Nxd5 Qxd5 5. Qf3 Qc5 6. Bd3 Nc6 7. Qe3 e5
8. Nf3 Bg4 9. h3 Bh5 10. Ng5 Bg6 11. Bxg6 hxg6 12. Qb3 O-O-O 13. O-O Be7 14.
Nxf7 Nd4 15. Qe3 Qd5 16. Nxh8 Rxh8 17. c3 Nf5 18. Qxa7 b6 19. Qa4 Rh4 20. Qb3
Qe4 21. d3 Qxd3 22. Rd1 Qe2 23. Qg8+ Kb7 24. Qd5+ Ka7 25. Qd3 Qh5 26. a4 e4 27.
Qd7 Bd6 28. a5 Qxd1# 0-1

[Event "SR 3. liga A2 2014/2015"]
[Site "?"]
[Date "2015.03.08"]
[Round "10.3"]
[White "Bincik, Pavol"]
[Black "Diviak, Rudolf"]
[Result "1/2-1/2"]
[WhiteElo "1941"]
[BlackElo "1836"]
[PlyCount "100"]
[EventDate "2015.??.??"]

1. d4 g6 2. c4 Bg7 3. Nc3 d6 4. e4 Nd7 5. Be3 e5 6. f3 Ngf6 7. Bd3 O-O 8. Nge2
exd4 9. Bxd4 Ne5 10. Qd2 Nxd3+ 11. Qxd3 Re8 12. g4 Bd7 13. h4 h5 14. g5 Nh7 15.
O-O-O Be6 16. f4 Bg4 17. Rde1 Qd7 18. Bxg7 Kxg7 19. Ng3 c6 20. f5 Nf8 21. Rhf1
Kg8 22. Nd1 Bxd1 23. Rxd1 Rad8 24. Rd2 Qc7 25. Rfd1 d5 26. fxg6 dxe4 27. gxf7+
Qxf7 28. Qe2 Rxd2 29. Rxd2 e3 30. Rd1 Ng6 31. Nxh5 Nf4 32. Nxf4 Qxf4 33. h5 Qf2
34. Re1 Kg7 35. b3 Qxe2 36. Rxe2 b5 37. cxb5 cxb5 38. Kc2 Re5 39. Kd3 Rd5+ 40.
Kc3 Rxg5 41. Rxe3 a5 42. Re7+ Kh6 43. Kd4 Rxh5 44. Re5 Rh2 45. a3 Ra2 46. Rxb5
Rxa3 47. Kc4 Kg6 48. Rb6+ Kf7 49. Ra6 Ke7 50. Kc3 a4 1/2-1/2

[Event "SR 3. liga A2 2014/2015"]
[Site "?"]
[Date "2015.03.08"]
[Round "10.3"]
[White "Skapik, Branislav"]
[Black "Curidlo, Jan"]
[Result "1-0"]
[WhiteElo "1822"]
[BlackElo "1889"]
[PlyCount "93"]
[EventDate "2015.??.??"]

1. Nf3 Nf6 2. g3 e6 3. Bg2 d5 4. d4 Bd6 5. O-O Nbd7 6. Nbd2 O-O 7. c4 c5 8. Qc2
b6 9. e4 Be7 10. exd5 exd5 11. cxd5 Nxd5 12. Nc4 Bb7 13. Nce5 Rc8 14. Qf5 N7f6
15. Bg5 Rc7 16. dxc5 Bc8 17. Qd3 Rxc5 18. Rac1 Ra5 19. Nc6 Ba6 20. Qxa6 Rxa6
21. Nxd8 Rxd8 22. a3 h6 23. Bd2 b5 24. Rfe1 Bf8 25. Bf1 Rb8 26. Nd4 Rab6 27.
Nc6 R8b7 28. Ba5 Ra6 29. a4 Rxa5 30. Nxa5 Rd7 31. Bxb5 Rd8 32. Nc6 Ra8 33. Bc4
Nb6 34. Ne7+ Bxe7 35. Rxe7 Nxc4 36. Rxc4 a5 37. Rcc7 Rb8 38. Rb7 Rf8 39. Re5
Rd8 40. Rxa5 Rd2 41. Ra8+ Kh7 42. Rxf7 Rxb2 43. Raa7 Ne8 44. a5 Rb5 45. Rfe7
Rb8 46. a6 Kg6 47. Rab7 1-0

[Event "SR 3. liga A2 2014/2015"]
[Site "?"]
[Date "2015.03.08"]
[Round "10.3"]
[White "Slaby, Jozef"]
[Black "Spacek, Marcel"]
[Result "0-1"]
[WhiteElo "1879"]
[BlackElo "1690"]
[PlyCount "78"]
[EventDate "2015.??.??"]

1. d4 Nf6 2. c4 g6 3. Nc3 Bg7 4. e4 d6 5. f3 O-O 6. Be3 Nbd7 7. Qd2 c5 8. d5
Ne5 9. Be2 a6 10. h3 Rb8 11. a4 Qa5 12. Nd1 Qc7 13. f4 Nxe4 14. Qc2 Qa5+ 15.
Bd2 Qxd2+ 16. Qxd2 Nxd2 17. Kxd2 Bh6 18. g3 b6 19. Ne3 Nd7 20. Nf3 Nf6 21. Bd3
Bb7 22. Rhf1 Bc8 23. Rh1 Bd7 24. b3 Nh5 25. Rag1 b5 26. axb5 axb5 27. Kc2 bxc4
28. Nxc4 Rb7 29. Nfd2 Ra8 30. Kd1 Bg7 31. Ke2 Ra2 32. Kf3 Bc3 33. Rd1 Nf6 34.
Bb1 Ra1 35. g4 Nxd5 36. Be4 Rxd1 37. Rxd1 Bc6 38. Nb1 Rxb3 39. Ncd2 Bxd2+ 0-1

[Event "SR 3. liga A2 2014/2015"]
[Site "?"]
[Date "2015.03.08"]
[Round "10.3"]
[White "Pericka, Pavol"]
[Black "Verba, Vladimir"]
[Result "1-0"]
[WhiteElo "1789"]
[BlackElo "1789"]
[PlyCount "63"]
[EventDate "2015.??.??"]

1. e4 g6 2. Bc4 Bg7 3. Nf3 c5 4. c3 d6 5. O-O Nf6 6. d3 O-O 7. Bg5 Nc6 8. Nbd2
Rb8 9. Rb1 b5 10. Bb3 Bb7 11. h3 Nd7 12. Nh2 b4 13. Nc4 bxc3 14. bxc3 Nb6 15.
Nxb6 axb6 16. Qd2 b5 17. Ng4 Ne5 18. Nxe5 Bxe5 19. f4 Bg7 20. f5 c4 21. Bc2 Qc7
22. Rxb5 cxd3 23. Bxd3 Bxc3 24. Qe3 Bg7 25. Qa7 Qc3 26. f6 exf6 27. Rb3 Qc6 28.
Rc1 Qd7 29. Be3 Rfc8 30. Rxc8+ Qxc8 31. Ba6 Ra8 32. Qxb7 1-0

[Event "SR 3. liga A2 2014/2015"]
[Site "?"]
[Date "2015.03.08"]
[Round "10.4"]
[White "Skreno, Vladimir"]
[Black "Slobodnik, Michal"]
[Result "1-0"]
[WhiteElo "2244"]
[BlackElo "1958"]
[PlyCount "61"]
[EventDate "2015.??.??"]

1. d4 Nf6 2. Nf3 e6 3. c4 b6 4. g3 Ba6 5. b3 Bb4+ 6. Bd2 Be7 7. Bg2 d5 8. Ne5
c6 9. Bc3 Nfd7 10. Nxd7 Nxd7 11. Nd2 Nf6 12. O-O O-O 13. Re1 Rc8 14. e4 dxe4
15. Nxe4 Nxe4 16. Bxe4 Bf6 17. Qc2 h6 18. Rad1 Qe7 19. f4 Rfd8 20. f5 e5 21.
Bf3 e4 22. Bxe4 Qc7 23. d5 Bxc3 24. Qxc3 cxd5 25. Bxd5 b5 26. c5 Rxd5 27. Rxd5
Bb7 28. Rd6 f6 29. Qe3 Kh7 30. b4 Qf7 31. Qe7 1-0

[Event "SR 3. liga A2 2014/2015"]
[Site "?"]
[Date "2015.03.08"]
[Round "10.4"]
[White "Zarecky, Eduard"]
[Black "Bisco, Igor"]
[Result "0-1"]
[WhiteElo "1913"]
[BlackElo "2079"]
[PlyCount "90"]
[EventDate "2015.??.??"]

1. d4 Nf6 2. c4 g6 3. g3 Bg7 4. Bg2 O-O 5. Nf3 c5 6. e3 Nc6 7. O-O d6 8. Nc3
Bg4 9. h3 Bf5 10. a3 Na5 11. b3 Qb6 12. Nh4 Qxb3 13. Nxf5 gxf5 14. Qxb3 Nxb3
15. Rb1 Na5 16. dxc5 dxc5 17. Na4 b6 18. Bxa8 Rxa8 19. Nb2 Ne4 20. Nd1 Nxc4 21.
Re1 Ncd2 22. Bxd2 Nxd2 23. Rc1 Nf3+ 24. Kf1 Nxe1 25. Kxe1 Rc8 26. Ke2 b5 27.
Nc3 Bxc3 28. Rxc3 c4 29. Kd2 a5 30. Rc1 b4 31. axb4 axb4 32. Rb1 Rb8 33. Kc2
Kg7 34. f3 Kf6 35. Rd1 e5 36. Rd6+ Ke7 37. Rc6 c3 38. Kb3 Kd7 39. Ra6 Rc8 40.
Ra2 c2 41. Rxc2 Rxc2 42. Kxc2 Kc6 43. Kb3 Kc5 44. g4 fxg4 45. hxg4 h6 0-1

[Event "SR 3. liga A2 2014/2015"]
[Site "?"]
[Date "2015.03.08"]
[Round "10.4"]
[White "Malar, Pavol"]
[Black "Kozinka, Jan"]
[Result "0-1"]
[WhiteElo "2062"]
[BlackElo "1791"]
[PlyCount "66"]
[EventDate "2015.??.??"]

1. e4 c5 2. f4 d5 3. Nc3 d4 4. Nb1 Nc6 5. Nf3 Qc7 6. Bc4 Na5 7. Bb5+ Nc6 8. O-O
Bg4 9. h3 Bxf3 10. Qxf3 e6 11. d3 Nge7 12. Na3 a6 13. Ba4 b5 14. Bb3 Ng6 15. f5
Nge5 16. Qh5 c4 17. dxc4 Bxa3 18. bxa3 bxc4 19. Ba4 O-O 20. f6 gxf6 21. Bh6
Rfd8 22. Rxf6 Ng6 23. Qg5 d3 24. cxd3 cxd3 25. Rf2 Nce7 26. Qf6 Qe5 27. Qxf7+
Kh8 28. Raf1 Rf8 29. Bxf8 Rxf8 30. Qxf8+ Nxf8 31. Rxf8+ Ng8 32. Be8 d2 33. Bf7
Qc5+ 0-1

[Event "SR 3. liga A2 2014/2015"]
[Site "?"]
[Date "2015.03.08"]
[Round "10.4"]
[White "Rau, Vladimir"]
[Black "Slamena, Michal"]
[Result "1/2-1/2"]
[WhiteElo "1504"]
[BlackElo "1993"]
[PlyCount "76"]
[EventDate "2015.??.??"]

1. d4 Nf6 2. c4 e6 3. Nc3 Bb4 4. Bd2 b6 5. Nf3 Bb7 6. e3 O-O 7. Be2 d5 8. O-O
Nbd7 9. a3 Bxc3 10. Bxc3 Ne4 11. Rc1 f5 12. Nd2 Qh4 13. Nxe4 fxe4 14. Be1 c5
15. f4 Qe7 16. Bg3 Rf7 17. Qd2 Raf8 18. b4 g5 19. fxg5 Qxg5 20. Bd6 Rg7 21.
Rxf8+ Nxf8 22. g3 cxd4 23. Qxd4 Ng6 24. cxd5 exd5 25. Rc7 Rxc7 26. Bxc7 h5 27.
h4 Nxh4 28. Bf4 Qg6 29. Qe5 Bc6 30. Bxh5 Nf3+ 31. Bxf3 exf3 32. Qg5 Kf7 33.
Qxg6+ Kxg6 34. Kf2 Kf5 35. Kxf3 d4+ 36. Ke2 dxe3 37. Kxe3 b5 38. Kd4 Bf3
1/2-1/2

[Event "SR 3. liga A2 2014/2015"]
[Site "?"]
[Date "2015.03.08"]
[Round "10.4"]
[White "Skocik, Jozef"]
[Black "Vagovic, Milan"]
[Result "1-0"]
[WhiteElo "1921"]
[BlackElo "1610"]
[PlyCount "77"]
[EventDate "2015.??.??"]

1. e4 c5 2. Nc3 d6 3. g3 e6 4. Bg2 Nc6 5. Nge2 a6 6. O-O e5 7. d3 Nf6 8. f4
exf4 9. Nxf4 Be6 10. Nfd5 Be7 11. Nxe7 Qxe7 12. Bg5 h6 13. Bxf6 gxf6 14. Ne2
O-O-O 15. Nf4 Rdg8 16. c3 Ne5 17. d4 Nc4 18. Qe2 Nb6 19. Rf2 h5 20. b4 Bc4 21.
Qc2 Kb8 22. bxc5 dxc5 23. Rb1 Ka7 24. Nd3 cxd4 25. cxd4 Bb5 26. Nc5 h4 27. a4
hxg3 28. hxg3 Bd7 29. a5 Bb5 30. axb6+ Kxb6 31. Nd7+ Ka7 32. Rxb5 Qxd7 33. Qc5+
Kb8 34. Rb6 Rxg3 35. Qd6+ Qxd6 36. Rxd6 Kc7 37. Rdxf6 Rh7 38. Rxf7+ Rxf7 39.
Rxf7+ 1-0

[Event "SR 3. liga A2 2014/2015"]
[Site "?"]
[Date "2015.03.08"]
[Round "10.4"]
[White "Rusnacik, Milan"]
[Black "Drgon, Matus"]
[Result "0-1"]
[WhiteElo "1314"]
[BlackElo "1754"]
[PlyCount "91"]
[EventDate "2015.??.??"]

1. d4 Nf6 2. c4 e6 3. Nf3 b6 4. g3 Bb7 5. Bg2 Be7 6. O-O O-O 7. Nc3 d5 8. cxd5
Nxd5 9. Nxd5 Bxd5 10. e3 Nd7 11. b3 Rc8 12. Qe2 Nf6 13. Rd1 Ne4 14. Bb2 Bb4 15.
Rac1 f6 16. Qd3 Ng5 17. Nxg5 fxg5 18. e4 Bb7 19. Qc4 Qe7 20. d5 Bc5 21. Bd4
Bxd4 22. Rxd4 exd5 23. exd5 Kh8 24. Qd3 Qf6 25. Rf1 a5 26. Qd2 Rce8 27. f4 Ba6
28. Rd1 Re2 29. Qc1 Rxa2 30. Qxc7 Re8 31. Re4 Rc8 32. Qe5 Qxe5 33. Rxe5 gxf4
34. gxf4 Kg8 35. d6 Rcc2 36. Bd5+ Kf8 37. Rf5+ Ke8 38. Re5+ Kd8 39. Bf7 Re2 40.
Rxe2 Rxe2 41. Bc4 Bxc4 42. bxc4 Re4 43. Rb1 Rxf4 44. Rxb6 Rxc4 45. Rb7 h5 46.
Rxg7 0-1